|
|
|
|
| LEADER |
00000cam a22000004a 4500 |
| 001 |
musev2_4457 |
| 003 |
MdBmJHUP |
| 005 |
20230905040538.0 |
| 006 |
m o d |
| 007 |
cr||||||||nn|n |
| 008 |
051012s2005 onc o 00 0 eng d |
| 020 |
|
|
|a 9780776616179
|
| 020 |
|
|
|z 0776606166
|
| 020 |
|
|
|z 9780776606163
|
| 020 |
|
|
|z 077661617X
|
| 035 |
|
|
|a (OCoLC)243566180
|
| 040 |
|
|
|a MdBmJHUP
|c MdBmJHUP
|
| 100 |
1 |
|
|a Gupta, Anoop,
|d 1969-
|
| 245 |
1 |
0 |
|a Kierkegaard's Romantic Legacy :
|b Two Theories of the Self /
|c Anoop Gupta.
|
| 264 |
|
1 |
|a Ottawa :
|b University of Ottawa Press,
|c 2005.
|
| 264 |
|
3 |
|a Baltimore, Md. :
|b Project MUSE,
|c 2012
|
| 264 |
|
4 |
|c ©2005.
|
| 300 |
|
|
|a 1 online resource (142 pages).
|
| 336 |
|
|
|a text
|b txt
|2 rdacontent
|
| 337 |
|
|
|a computer
|b c
|2 rdamedia
|
| 338 |
|
|
|a online resource
|b cr
|2 rdacarrier
|
| 490 |
0 |
|
|a Philosophica,
|x 14804670
|
| 506 |
0 |
|
|a Open Access
|f Unrestricted online access
|2 star
|
| 588 |
|
|
|a Description based on print version record.
|
| 600 |
1 |
6 |
|a Kierkegaard, Soren,
|d 1813-1855.
|
| 600 |
1 |
0 |
|a Kierkegaard, Soren,
|d 1813-1855.
|
| 650 |
|
6 |
|a Moi (Philosophie)
|
| 650 |
|
0 |
|a Self (Philosophy)
|
| 655 |
|
7 |
|a Electronic books.
|2 local
|
| 710 |
2 |
|
|a Project Muse.
|e distributor
|
| 830 |
|
0 |
|a Book collections on Project MUSE.
|
| 856 |
4 |
0 |
|z Texto completo
|u https://projectmuse.uam.elogim.com/book/4457/
|
| 945 |
|
|
|a Project MUSE - Archive Complete Foundation
|
| 945 |
|
|
|a Project MUSE - Archive Philosophy and Religion Foundation
|